| 000 | 01776nam0a2200313 4500 | ||
|---|---|---|---|
| 001 | RU\NLR\BIBL_A\011451948 | ||
| 005 | 20260614063113.0 | ||
| 010 |
_a978-5-7103-3329-7 _9200 |
||
| 021 |
_aRU _b2017-52105 _93725 |
||
| 035 | _a(RuMoRGB)008937674 | ||
| 035 | _a(NLR Aleph) 011451948 | ||
| 090 |
_a11757337 _c11757337 |
||
| 100 | _a20170809d2017 u y0rusy50 ca | ||
| 101 | 0 | _arus | |
| 102 | _aRU | ||
| 105 | _aa j 000zy | ||
| 200 | 1 |
_aПравоведение _eучебное пособие _fМинистерство образования и науки Российской Федерации, Федеральное государственное бюджетное образовательное учреждение высшего образования "Национальный исследовательский Мордовский государственный университет им. Н. П. Огарёва" _g[Т. В. Худойкина и др.] |
|
| 210 |
_aСаранск _cИзд-во Мордовского университета _d2017 |
||
| 215 |
_a202, [1] с. _cил., табл. _d20 |
||
| 320 | _aБиблиогр. в конце гл. | ||
| 606 | 1 |
_aПраво _jУчебные издания для высших учебных заведений _9894779 _3RU\NLR\AUTH\664055 |
|
| 686 | 1 | _aХ.я73 | |
| 702 | 1 |
_aХудойкина _bТ. В. _gТатьяна Викторовна _4220 |
|
| 712 | 0 | 2 |
_4475 _aНациональный исследовательский Мордовский государственный университет им. Н. П. Огарева _cСаранск _3RU\NLR\AUTH\880618073 _92644482 |
| 942 | _cBOOK | ||
| 980 | _aNBR | ||